[Event "Stay Safe Play From Home 302"]
[Site "Emanuel Lasker Arena"]
[Date "2020.07.14"]
[Round "3"]
[White "TheCHESSHOUSE"]
[Black "Lazieri3"]
[Result "0-1"]
[WhiteElo "2094"]
[BlackElo "2089"]
[Annotator "TA"]
[PlyCount "122"]
[EventDate "2020.07.14"]
[EventType "swiss (blitz)"]

{[%evp 14,122,21,8,25,13,28,11,4,0,0,0,20,-1,0,-7,21,21,26,22,64,61,87,56,51,0,0,-10,-5,-9,-9,-7,0,-4,-4,-152,-152,-156,-160,-202,-194,-267,-158,-180,169,173,29979,0,171,0,29979,29980,29997,259,216,0,29978,29979,29979,29980,5589,775,1388,0,27,0,0,-1366,0,-6387,-6370,-29970,-29968,-29977,-29978,-29979,-29979,-29982,-29983,-29985,-29986,-29987,-29988,-29988,-29989,-29990,-29991,-29997,-29991,-29996,-29997,-29998,-29994,-29994,-29993,-29993,-29994,-29995,-29995,-29997,-29997,-29997,-29995,-29995,-29996,-29997,-29997,-29997,-29998,-29998,-29998]} 1. d4 c6 2. c4 d5 3. cxd5 cxd5 4. Nc3 Nc6 5. Bf4 Nf6 6. Rc1 Bf5 7. Nf3 e6 8. e3 Bd6 {D14: Slav Defence: Exchange variation with ...Bf5.} 9. Bxd6 Qxd6 10. Be2 O-O {The position is equal.} 11. O-O h6 {[#]} 12. h3 $146 ({Predecessor:} 12. a3 Rfc8 13. b4 Ne4 14. Nxe4 Bxe4 15. Qa4 Bxf3 16. Bxf3 a5 17. b5 Ne7 18. g3 Rc7 19. e4 b6 20. exd5 exd5 21. Rxc7 Qxc7 22. Re1 Rc8 23. Qb3 Qc3 {½-½ (23) Mihalichenko,V (2393)-Kovalev,D (2508) Mukachevo 2013}) 12... Ne4 13. Na4 Qb4 14. a3 Qd6 (14... Qe7 {with more complications.} 15. Nc3 Rfd8 16. Re1 Rac8 17. Bd3 Nd6) 15. Nc5 Nxc5 16. Rxc5 b6 17. Rc3 $1 Rac8 18. Qd2 Ne7 19. Rfc1 (19. Ba6 $1 $14 Rb8 20. Qe2) 19... Rxc3 $11 20. Qxc3 Rc8 $36 {[%mdl 2048] Black is more active.} 21. Qd2 Rxc1+ 22. Qxc1 Qc6 23. Qd2 f6 24. Bd3 (24. g4 $11 {remains equal.} Bh7 25. h4) 24... Bxd3 $17 {[%mdl 64] Overworked Piece} 25. Qxd3 Qc1+ {[%mdl 64] Double Attack} 26. Kh2 Qxb2 27. Qa6 (27. Kg1 $142) 27... Nf5 (27... Qxf2 $19 {White must now prevent ...Nf5.} 28. Qxa7 Nf5 29. Qxb6 Nxe3 30. Qb8+ Kf7 31. Qc7+ Kg8 32. Qb8+ Kf7 33. Qc7+ Kg6 34. Qg3+ Qxg3+ 35. Kxg3 Kf5) 28. Qc8+ Kh7 $4 {[%mdl 8192]} (28... Kf7 $19 29. Qd7+ Ne7 30. Qxa7 Qxf2 31. Qxb6 Qxe3) 29. Qxe6 $18 {[%mdl 64] Double Attack} Kg6 $2 (29... Qc2 $18) 30. Qe8+ $2 (30. Ne5+ Kh7 31. Qxf5+ Kg8 32. Qc8+ Kh7 33. Nd7 Qxa3 34. Qe8 Qd6+ 35. g3) 30... Kh7 31. Qe6 $2 (31. Qd7 $18 Qc2 32. Qxd5) 31... Kg6 $1 32. Ne5+ Kg5 33. Nf7+ $2 (33. f4+ {mates} Kh5 34. Qxf5+ g5 35. Qg4#) 33... Kg6 34. Ne5+ $2 (34. Nh8+ $1 $18 Kh7 35. Qxf5+ Kxh8 36. Qxd5) 34... Kh7 $2 {[%mdl 8192]} (34... Kg5 $11) 35. Qxf5+ Kg8 36. Ng6 Qxa3 37. Qxd5+ (37. Qe6+ $142 Kh7 38. Ne7 Qxe7 39. Qxe7) 37... Kh7 {[#]} 38. Ne7 $2 (38. Qf7 $1 $18 {White wants to mate with Nf8+.} Qd6+ 39. g3) 38... Qxe7 $11 {[%mdl 4096] Endgame KQ-KQ} 39. Qf5+ Kg8 40. d5 $2 {[%mdl 8192] [#] White is on the road to losing.} (40. Kg1 $11) 40... Kf7 $2 (40... Qe5+ $1 $19 41. Qxe5 fxe5) 41. e4 $2 {[%mdl 8192] [#]} (41. g3 $11) 41... Qe5+ $1 $19 42. Qxe5 fxe5 {KP-KP. Black mates.} 43. g3 a5 44. f4 a4 45. fxe5 a3 46. e6+ Ke7 47. e5 a2 48. Kg2 a1=Q 49. Kf3 Qxe5 50. Kg4 Qd6 51. Kh4 Qxd5 {[%csl Gh6][%cal Rd5g5]} 52. g4 Kxe6 53. Kg3 g5 54. h4 Qd3+ 55. Kg2 gxh4 56. Kh2 Qe4 57. Kg1 Qxg4+ 58. Kf2 h3 59. Ke1 h2 60. Kd2 h1=Q 61. Kc2 Qhh3 {Accuracy: White = 46%, Black = 67%.} 0-1

[Event "Stay Safe Play From Home 302"]
[Site "Emanuel Lasker Arena"]
[Date "2020.07.14"]
[Round "3"]
[White "Bellbox"]
[Black "SoulofWolf"]
[Result "0-1"]
[WhiteElo "2077"]
[BlackElo "2068"]
[Annotator "TA"]
[PlyCount "84"]
[EventDate "2020.07.14"]
[EventType "swiss (blitz)"]

{[%evp 9,83,-3,25,23,27,14,15,22,39,37,41,44,55,55,54,61,61,55,61,67,54,54,80,87,108,105,99,39,42,39,84,-8,66,43,221,195,257,185,391,393,370,390,377,314,454,262,253,84,222,0,230,218,239,237,255,210,217,199,214,204,712,555,562,558,508,472,514,500,1196,1148,1023,598,826,-29998,-29997,-29999]} 1. e4 c6 2. d3 d5 3. Nd2 g6 4. Ngf3 Bg7 5. g3 Nd7 6. Bg2 {B10: Caro-Kann: 2 d3 and 2 c4.} e6 7. O-O Ne7 8. Re1 {The position is equal.} O-O 9. c3 Qc7 {[#]} 10. d4 $146 ({Predecessor:} 10. Qe2 b6 11. d4 dxe4 12. Nxe4 Nd5 13. c4 Ba6 14. Qc2 Ne7 15. Bf4 Qd8 16. Qa4 {½-½ (47) Vavra,R (2064)-Lachcina,A (1877) Tatranske Zruby 2010}) 10... h6 11. Nf1 {[%cal Bd2f1,Bf1e3,Be3g4][%mdl 32]} dxe4 12. Rxe4 Nb6 13. Re1 a5 14. Ne3 a4 15. a3 Bd7 16. Ng4 Kh7 17. Bf4 Qd8 18. Be5 (18. Nge5 $16) 18... f6 $1 $14 {[%cal Rf6e5]} 19. Bd6 $36 {[%mdl 2048] White is more active.} Rf7 20. Qd2 (20. Qd3 $16) 20... Nbc8 ({Black should try} 20... e5 $11 21. Nxf6+ Rxf6 22. dxe5 {[#]} Rxf3 $1 {[%mdl 512]} 23. Bxf3 Be6) 21. Bf4 {[%cal Rg4h6]} Nd5 $2 (21... h5 $14 22. Ne3 Nd5) 22. Bxh6 $18 Bh8 (22... Nd6 $142 23. Bxg7 Rxg7) 23. Be3 Kg8 $2 (23... Nce7 24. Bf4 Bg7) 24. Nh6+ {[%mdl 64] Double Attack} Kg7 25. Nxf7 Kxf7 26. Nh4 Qg8 (26... b5 {is a better defense.} 27. Qe2 Bg7) 27. Bxd5 (27. c4 $142) 27... cxd5 28. Bf4 $2 (28. Ng2 $18) 28... Nb6 (28... g5 $16 {was necessary.}) 29. Be3 $2 ({Better is} 29. Nf3 $18) 29... Nc4 $2 (29... Nc8 $1 $11 {and Black is okay.} 30. Ng2 Nd6) 30. Qc2 Bc6 31. Ng2 g5 32. Bd2 Re8 33. Ne3 Nd6 {[%cal Bc4d6,Bd6e4,Be4g3][%mdl 32]} 34. c4 Rc8 $2 (34... Nxc4 35. Nxc4 dxc4 36. Qxc4 Qh7) 35. cxd5 Bxd5 36. Qxa4 Bc6 37. Qb4 Ne4 38. Rac1 Qh7 {[#]} (38... Bg7 $142 39. f3 Nxd2) 39. d5 $1 exd5 (39... Bxd5 40. Rxc8) 40. Nxd5 Qf5 41. Ne7 $4 {[%mdl 8192]} (41. Qe7+ $18 Kg6 42. Qxe4 Qxe4 43. Rxe4 Bxd5 44. Rxc8 Bxe4 45. Rxh8) 41... Qxf2+ {[%mdl 64] Double Attack} 42. Kh1 Nxg3# {What a bad dream for White. Accuracy: White = 56%, Black = 44%.} 0-1

[Event "Stay Safe Play From Home 302"]
[Site "Emanuel Lasker Arena"]
[Date "2020.07.14"]
[Round "3"]
[White "Fischer_11"]
[Black "Jhhonnyy"]
[Result "0-1"]
[WhiteElo "2052"]
[BlackElo "2324"]
[Annotator "NA"]
[PlyCount "78"]
[EventDate "2020.07.14"]
[EventType "swiss (blitz)"]

1. e4 {[%emt 0:00:02]} e5 {[%emt 0:00:01]} 2. Nc3 {[%emt 0:00:01]} Nf6 {[%emt 0:00:01]} 3. Bc4 {[%emt 0:00:00]} Nxe4 {[%emt 0:00:01]} 4. Bxf7+ {[%emt 0:00:01]} Kxf7 {[%emt 0:00:01]} 5. Nxe4 {[%emt 0:00:00]} d5 {[%emt 0:00:01]} 6. Qf3+ {[%emt 0:00:00]} Ke8 {[%emt 0:00:06]} 7. Nc3 {[%emt 0:00:15]} c6 {[%emt 0:00:01]} 8. d3 {[%emt 0:00:02]} Be7 {[%emt 0:00:02]} 9. Qh5+ {[%emt 0:00:03]} Kf8 {[%emt 0:00:01]} 10. Nh3 {[%emt 0:00:02]} Nd7 {[%emt 0:00:01]} 11. Bg5 {[%emt 0:00:02]} Qe8 {[%emt 0:00:02]} 12. Qxe8+ {[%emt 0:00:02]} Kxe8 {[%emt 0:00:01]} 13. O-O-O {[%emt 0:00:01]} h6 {[%emt 0:00:02]} 14. Bxe7 {[%emt 0:00:03]} Kxe7 {[%emt 0:00:00]} 15. Rhe1 {[%emt 0:00:01]} Kd6 {[%emt 0:00:01]} 16. f4 {[%emt 0:00:03]} exf4 {[%emt 0:00:00]} 17. Nxf4 {[%emt 0:00:00]} Nf6 {[%emt 0:00:00]} 18. Ng6 {[%emt 0:00:02]} Rg8 {[%emt 0:00:01]} 19. Ne7 {[%emt 0:00:03]} Re8 {[%emt 0:00:02]} 20. Ng6 {[%emt 0:00:02]} Bf5 {[%emt 0:00:02]} 21. Nh4 {[%emt 0:00:04]} Bg4 {[%emt 0:00:01]} 22. Rxe8 {[%emt 0:00:03]} Rxe8 {[%emt 0:00:01]} 23. Rf1 {[%emt 0:00:00]} a5 {[%emt 0:00:03]} 24. Kd2 {[%emt 0:00:01]} b5 {[%emt 0:00:01]} 25. Re1 {[%emt 0:00:00]} Rxe1 {[%emt 0:00:01]} 26. Kxe1 {[%emt 0:00:00]} g5 {[%emt 0:00:03]} 27. Nf3 {[%emt 0:00:01]} Bxf3 {[%emt 0:00:00]} 28. gxf3 {[%emt 0:00:00]} Ke5 {[%emt 0:00:00]} 29. Ne2 {[%emt 0:00:01]} Nh5 {[%emt 0:00:00]} 30. d4+ {[%emt 0:00:01]} Kf5 {[%emt 0:00:01]} 31. Kf2 {[%emt 0:00:01]} Nf4 {[%emt 0:00:00]} 32. Ke3 {[%emt 0:00:01]} Nxe2 {[%emt 0:00:02]} 33. Kxe2 {[%emt 0:00:00]} Kf4 {[%emt 0:00:00]} 34. Kf2 {[%emt 0:00:00]} h5 {[%emt 0:00:01]} 35. c3 {[%emt 0:00:00]} b4 {[%emt 0:00:03]} 36. b3 {[%emt 0:00:01]} bxc3 {[%emt 0:00:01]} 37. h3 {[%emt 0:00:01]} c2 {[%emt 0:00:01]} 38. Ke2 {[%emt 0:00:00]} c1=Q {[%emt 0:00:00]} 39. Kd3 {[%emt 0:00:00]} Qe3+ {[%emt 0:00:00] Zeit (Lag: Av=0.35s, max=0.9s)} 0-1

[Event "Stay Safe Play From Home 302"]
[Site "Emanuel Lasker Arena"]
[Date "2020.07.14"]
[Round "3"]
[White "Edmatuag"]
[Black "NeatFox"]
[Result "0-1"]
[WhiteElo "1659"]
[BlackElo "1811"]
[Annotator "NA RC"]
[PlyCount "86"]
[EventDate "2020.07.14"]
[EventType "swiss (blitz)"]

1. e3 {[%emt 0:00:01]} b6 {[%emt 0:00:00]} 2. Nf3 {[%emt 0:00:01]} Bb7 {[%emt 0:00:02]} 3. d4 {[%emt 0:00:00]} g6 {[%emt 0:00:00]} 4. Be2 {[%emt 0:00:00]} Bg7 {[%emt 0:00:00]} 5. Nbd2 {[%emt 0:00:01]} Nf6 {[%emt 0:00:00]} 6. c4 {[%emt 0:00:00]} d6 {[%emt 0:00:00]} 7. b3 {[%emt 0:00:00]} Nbd7 {[%emt 0:00:00]} 8. Ba3 {[%emt 0:00:01]} O-O {[%emt 0:00:00]} 9. Rc1 {[%emt 0:00:01]} c5 {[%emt 0:00:00]} 10. Qc2 {[%emt 0:00:01]} cxd4 {[%emt 0:00:01]} 11. exd4 {[%emt 0:00:01]} e6 {[%emt 0:00:01]} 12. O-O {[%emt 0:00:00]} d5 {[%emt 0:00:00]} 13. c5 {[%emt 0:00:01]} Re8 {[%emt 0:00:00]} 14. c6 {[%emt 0:00:01]} Rc8 {[%emt 0:00:00]} 15. cxd7 {[%emt 0:00:01]} Rxc2 {[%emt 0:00:01]} 16. dxe8=Q+ {[%emt 0:00:02]} Qxe8 {[%emt 0:00:01]} 17. Rxc2 {[%emt 0:00:01]} Ne4 {[%emt 0:00:04]} 18. Rfc1 {[%emt 0:00:01]} Bf8 {[%emt 0:00:04]} 19. Bxf8 {[%emt 0:00:03]} Qxf8 {[%emt 0:00:00]} 20. Nf1 {[%emt 0:00:02]} Qa3 {[%emt 0:00:03]} 21. Rc7 {[%emt 0:00:01]} Ba6 {[%emt 0:00:01]} 22. Bxa6 {[%emt 0:00:02]} Qxa6 {[%emt 0:00:00]} 23. Re7 {[%emt 0:00:03]} Qe2 {[%emt 0:00:02]} 24. Ng3 {[%emt 0:00:06]} Qxf2+ {[%emt 0:00:01]} 25. Kh1 {[%emt 0:00:01]} Qe3 {[%emt 0:00:02]} 26. Nxe4 {[%emt 0:00:01]} Qxc1+ {[%emt 0:00:01]} 27. Ng1 {[%emt 0:00:01]} dxe4 {[%emt 0:00:01]} 28. d5 {[%emt 0:00:03]} exd5 {[%emt 0:00:01]} 29. Rd7 {[%emt 0:00:01]} Qd1 {[%emt 0:00:02]} 30. h3 {[%emt 0:00:00]} e3 {[%emt 0:00:01]} 31. Re7 {[%emt 0:00:02]} d4 {[%emt 0:00:01]} 32. Re4 {[%emt 0:00:01]} Qd2 {[%emt 0:00:02]} 33. Kh2 {[%emt 0:00:01]} d3 {[%emt 0:00:00]} 34. Nf3 {[%emt 0:00:02]} Qf2 {[%emt 0:00:01]} 35. Nd4 {[%emt 0:00:01]} e2 {[%emt 0:00:01]} 36. Nxe2 {[%emt 0:00:01]} dxe2 {[%emt 0:00:01]} 37. Re8+ {[%emt 0:00:00]} Kg7 {[%emt 0:00:01]} 38. Rxe2 {[%emt 0:00:00]} Qxe2 {[%emt 0:00:01]} 39. a4 {[%emt 0:00:01]} Qa2 {[%emt 0:00:00]} 40. b4 {[%emt 0:00:00]} Qxa4 {[%emt 0:00:01]} 41. b5 {[%emt 0:00:00]} Qxb5 {[%emt 0:00:00]} 42. h4 {[%emt 0:00:00]} Qb4 {[%emt 0:00:01]} 43. Kh3 {[%emt 0:00:00]} f5 {[%emt 0:00:01] Edmatuag resigns (Lag: Av=0.64s, max=1.1s)} 0-1

[Event "Stay Safe Play From Home 302"]
[Site "Emanuel Lasker Arena"]
[Date "2020.07.14"]
[Round "4"]
[White "NTBT_DHS"]
[Black "Lazieri3"]
[Result "1-0"]
[WhiteElo "2453"]
[BlackElo "2106"]
[Annotator "TA"]
[PlyCount "87"]
[EventDate "2020.07.14"]
[EventType "swiss (blitz)"]

{[%evp 9,87,-13,72,64,94,99,106,96,125,108,122,36,62,62,63,68,168,157,151,141,150,89,89,93,100,107,140,85,90,-75,205,205,204,204,204,151,164,173,166,142,289,143,160,131,147,84,135,75,74,-72,267,221,210,0,0,0,0,0,117,114,89,70,76,74,270,266,359,356,354,335,347,347,390,0,29970,1387,29982,29983,29975,29974]} 1. d4 c6 2. Nc3 d5 3. Bf4 Nf6 4. Qd3 g6 5. f3 {[#]} Bf5 $146 (5... Nh5 $11 {remains equal.} 6. Be3 Nd7) ({Predecessor:} 5... Bg7 6. e4 dxe4 7. fxe4 Nh5 8. Be3 e5 9. d5 O-O 10. O-O-O Nf4 11. Qd2 cxd5 12. Nxd5 Nxd5 13. Qxd5 {1-0 (58) Costachi,M (2471)-Petkov,M (2315) chess.com INT 2020}) 6. e4 $16 {D00: 1 d4 d5: Unusual lines.} dxe4 7. fxe4 Bd7 8. O-O-O {White is better.} Bg7 9. Nf3 Na6 10. e5 ({White should try} 10. Kb1 $16) 10... Nd5 11. Nxd5 cxd5 12. Qb3 e6 ({Better is} 12... Nc7 $14) 13. Qxb7 $18 Nc7 14. Qb4 $36 {[%mdl 2048] White is in control.} Rb8 15. Qa3 (15. Qd2 $142) 15... Nb5 $16 16. Bxb5 Bxb5 17. Bg5 Qd7 18. Nd2 ({White should play} 18. Qe3) 18... Bf8 19. Qa5 $2 {[#]} (19. Qf3 $16) 19... Be7 $2 {[%mdl 8192]} (19... Be2 $1 $17 {and life is bright. Strongly threatening ...Bb4.} 20. c3 Bxd1 21. Rxd1 Be7 22. Bxe7 Qxe7) 20. Bxe7 $18 Qxe7 21. Nb3 O-O 22. h4 Rfc8 23. Nc5 Be2 24. Rd2 Rb5 (24... Bg4 $16 25. Rf2 h5) 25. Qa3 (25. Qa4 $18 {is the precise move to win.} Bc4 26. b3) 25... Bg4 $16 26. g3 Rcb8 27. c3 (27. Rd3 $142) 27... h5 (27... Bf5 $142) 28. Rf1 (28. b3 $142) 28... Qc7 29. Rf6 (29. Na6 $16 {stays on course.} Qc4 30. Rff2 (30. Rxf7 Kxf7 31. Rf2+ Bf5 $11)) 29... Kg7 $2 {[%mdl 8192]} (29... Ra5 $17 {keeps the pressure on.} 30. Na4 Bf5) 30. Rdf2 {aiming for Na6!} Bf5 {Black wants to play ...Ra5.} 31. Qa4 $2 (31. Na6 $18 Qd7 32. Nxb8 Rxb8 33. Qa5) 31... Rxc5 $11 32. dxc5 Qxc5 33. Qd4 Qxd4 (33... Qa5 $11 34. a3 Rb7) 34. cxd4 {[%mdl 4096] Endgame KRR-KRB} Rc8+ 35. Kd1 Rc4 36. Rd2 Rb4 $2 (36... a5 $16 {was necessary.}) 37. b3 $18 a5 38. Kc1 a4 39. Kb2 axb3 40. axb3 Rb6 41. Rxf5 $2 (41. Ka3 $18) 41... Rb8 $2 {[%mdl 8192] [#]} (41... gxf5 $11 42. Rc2 Kg6) 42. Rf4 (42. Rf6 $142 Rb6 43. Rc2 Rb7 44. Rcf2 Kg8 45. Kc3 Kf8 46. Rxe6 Kg7 47. Rd6) 42... f5 43. exf6+ Kf7 44. Rc2 {Accuracy: White = 44%, Black = 44%.} 1-0

[Event "Stay Safe Play From Home 302"]
[Site "Emanuel Lasker Arena"]
[Date "2020.07.14"]
[Round "4"]
[White "Broken sword"]
[Black "Little champs"]
[Result "1/2-1/2"]
[WhiteElo "2406"]
[BlackElo "2277"]
[Annotator "TA"]
[PlyCount "97"]
[EventDate "2020.07.14"]
[EventType "swiss (blitz)"]

{[%evp 12,97,11,19,117,120,141,98,100,87,198,177,197,197,235,189,249,250,232,179,241,218,291,269,316,296,467,443,504,364,1046,527,428,449,404,401,424,345,335,219,409,284,335,332,242,145,151,20,77,38,111,37,12,31,19,7,89,-50,0,-131,-137,-133,-137,-911,-915,-883,-874,-863,-845,-1347,-1083,-2319,-1920,-6365,-751,-2069,-2104,-1525,0,0,0,0,0,0,0,0,0,0]} 1. d4 e6 2. Nf3 d5 3. c4 c6 4. Nc3 dxc4 5. a4 Nf6 6. e3 Bb4 7. Bxc4 Bxc3+ {D16: Slav Defence: 5 a4: Lines with 5...Bg4 and 5...Na6.} (7... c5 $11) 8. bxc3 $16 {[#]} O-O $146 ({Predecessor:} 8... Nd5 9. Qb3 O-O 10. O-O Nd7 11. Re1 Qa5 12. e4 Ne7 13. Ba3 Re8 14. d5 Nf8 15. Rad1 {½-½ (40) Borzova,A (1804)-Ovod,I (1910) St Petersburg 2006}) 9. Ba3 Re8 {White is better.} 10. O-O Ne4 (10... b6 $16 {was necessary.}) 11. Qc2 {[#] And now Bd3 would win.} Nd6 12. Bd3 ({Resist} 12. Bxd6 $6 Qxd6 13. a5 Qe7 $16) 12... h6 13. e4 Na6 (13... b6 {might work better.} 14. Qe2 Bb7) 14. e5 $18 Nf5 15. Rfd1 Ne7 (15... b6 $142 16. Qe2 Nc7) 16. Rab1 Nd5 17. c4 Nf4 18. Be4 Qa5 (18... Qd7 {keeps fighting.} 19. g3 Ng6 20. Bxg6 fxg6 21. Qxg6 b6) 19. g3 Nh5 20. Bd6 g6 $2 (20... Rd8 21. d5 f5) 21. Nd2 Ng7 22. Nb3 Qd8 23. Qd2 Kh7 24. Qf4 Nf5 25. c5 g5 $2 (25... Nb4 26. g4 Nxd6) 26. Qe3 Kg7 27. Qd2 Nc7 28. Bxf5 (28. Na5 $18) 28... exf5 $16 {[#]} 29. Qb2 (29. Bxc7 $1 $16 Qxc7 30. Na5) 29... Be6 (29... Nd5 $1 $11) 30. Nd2 (30. Na5 {is interesting.} Nd5 31. Qd2 Bc8 32. Nxb7 Qd7 33. Na5) 30... Rb8 (30... b6 $14) 31. Bxc7 ({White should try} 31. Qc2 $16) 31... Qxc7 $14 32. Qc3 Rbd8 33. Rb4 Rd7 (33... Re7 $11) 34. Rdb1 (34. g4 $16) 34... Red8 35. Rxb7 (35. Nc4 $11 {keeps the balance.}) 35... Qxb7 $17 36. Rxb7 Rxb7 37. Nc4 $2 {[%mdl 8192]} (37. h4 $17) 37... Rb1+ $19 38. Kg2 Bd5+ 39. f3 Rdb8 40. e6 fxe6 41. Ne3 R8b2+ 42. Kh3 Rb3 (42... Bxf3 $142 43. d5+ Kg6) 43. Qa5 Rxe3 44. Qc7+ Kf6 $2 (44... Kg6 $19 45. Qd8 Rb7 46. Qg8+ Rg7 47. Qe8+ Kh7) 45. Qd8+ $1 $11 {The position is equal.} Kf7 {Strongly threatening ...Rb7.} 46. Qd7+ Kf6 47. Qd8+ $1 Kf7 {Hoping for ...Rb7.} 48. Qd7+ Kf6 {Threatens to win with ...Rb8.} 49. Qd8+ $1 {Accuracy: White = 28%, Black = 35%.} 1/2-1/2

[Event "Stay Safe Play From Home 302"]
[Site "Emanuel Lasker Arena"]
[Date "2020.07.14"]
[Round "4"]
[White "Mepe_Nika"]
[Black "Fischer_11"]
[Result "1-0"]
[WhiteElo "2363"]
[BlackElo "2047"]
[Annotator "NA"]
[PlyCount "73"]
[EventDate "2020.07.14"]
[EventType "swiss (blitz)"]

1. d4 {[%emt 0:00:01]} e5 {[%emt 0:00:04]} 2. dxe5 {[%emt 0:00:00]} Nc6 {[%emt 0:00:01]} 3. Nf3 {[%emt 0:00:00]} Qe7 {[%emt 0:00:00]} 4. g3 {[%emt 0:00:00]} Nxe5 {[%emt 0:00:01]} 5. Bg2 {[%emt 0:00:00]} Nxf3+ {[%emt 0:00:01]} 6. Bxf3 {[%emt 0:00:00]} Nf6 {[%emt 0:00:00]} 7. O-O {[%emt 0:00:00]} g6 {[%emt 0:00:00]} 8. c4 {[%emt 0:00:02]} Bg7 {[%emt 0:00:00]} 9. Nc3 {[%emt 0:00:00]} O-O {[%emt 0:00:00]} 10. Bg5 {[%emt 0:00:01]} c6 {[%emt 0:00:01]} 11. Qd2 {[%emt 0:00:01]} d6 {[%emt 0:00:02]} 12. Rad1 {[%emt 0:00:02]} Be6 {[%emt 0:00:00]} 13. b3 {[%emt 0:00:02]} Rad8 {[%emt 0:00:02]} 14. Bh6 {[%emt 0:00:01]} Rfe8 {[%emt 0:00:02]} 15. Ne4 {[%emt 0:00:02]} d5 {[%emt 0:00:05]} 16. Bxg7 {[%emt 0:00:02]} Kxg7 {[%emt 0:00:06]} 17. Nxf6 {[%emt 0:00:01]} Qxf6 {[%emt 0:00:00]} 18. Qb4 {[%emt 0:00:11]} dxc4 {[%emt 0:00:02]} 19. bxc4 {[%emt 0:00:00]} Qe7 {[%emt 0:00:03]} 20. Qxe7 {[%emt 0:00:02]} Rxe7 {[%emt 0:00:01]} 21. Rxd8 {[%emt 0:00:01]} Bxc4 {[%emt 0:00:00]} 22. Rfd1 {[%emt 0:00:01]} Bxa2 {[%emt 0:00:01]} 23. R1d7 {[%emt 0:00:02]} Re5 {[%emt 0:00:02]} 24. Rxb7 {[%emt 0:00:02]} a5 {[%emt 0:00:03]} 25. Bxc6 {[%emt 0:00:01]} a4 {[%emt 0:00:01]} 26. Bxa4 {[%emt 0:00:03]} Rxe2 {[%emt 0:00:02]} 27. Bb3 {[%emt 0:00:01]} Rb2 {[%emt 0:00:04]} 28. Bd5 {[%emt 0:00:01]} Rd2 {[%emt 0:00:05]} 29. Rxf7+ {[%emt 0:00:01]} Kh6 {[%emt 0:00:02]} 30. Rfd7 {[%emt 0:00:00]} Rd1+ {[%emt 0:00:02]} 31. Kg2 {[%emt 0:00:00]} Bxd5+ {[%emt 0:00:01]} 32. Rxd5 {[%emt 0:00:00]} Rc1 {[%emt 0:00:00]} 33. R8d7 {[%emt 0:00:01]} Rc7 {[%emt 0:00:00]} 34. Rxc7 {[%emt 0:00:01]} g5 {[%emt 0:00:01]} 35. h3 {[%emt 0:00:03]} Kh5 {[%emt 0:00:00]} 36. g4+ {[%emt 0:00:02]} Kh6 {[%emt 0:00:01]} 37. Rd6# {[%emt 0:00:00] (Lag: Av=0.33s, max=0.6s)} 1-0

[Event "Stay Safe Play From Home 302"]
[Site "Emanuel Lasker Arena"]
[Date "2020.07.14"]
[Round "4"]
[White "SoulofWolf"]
[Black "Jhhonnyy"]
[Result "1/2-1/2"]
[WhiteElo "2085"]
[BlackElo "2330"]
[Annotator "TA"]
[PlyCount "92"]
[EventDate "2020.07.14"]
[EventType "swiss (blitz)"]

{[%evp 9,91,21,15,22,22,0,29,8,12,12,26,20,45,16,64,54,50,44,30,34,48,27,44,31,46,43,83,72,90,81,92,-74,-74,-70,-72,-69,-64,-76,0,-45,-46,-179,-4,-41,-43,-42,0,-197,-104,-256,-259,-243,-133,-459,-241,-365,-255,-899,-102,-127,-108,-237,1329,-29999,-232,-256,-58,-181,-170,-2546,-917,-29990,-29991,-29991,-29992,-29992,-29990,-29993,-29991,-29992,-29992,-29997,-29989,-29999]} 1. c4 g6 2. Nc3 c5 3. Nf3 Bg7 4. e3 e6 5. d4 cxd4 6. exd4 {Black must now prevent Nb5. A34: Symmetrical English: 2 Nc3, lines with ...d5.} Ne7 7. Bg5 {[#]} d6 $146 ({Predecessor:} 7... Qb6 8. Qd2 Nbc6 9. c5 Qa5 10. Be2 a6 11. O-O Nf5 12. Be3 d5 13. a3 Nxe3 14. Qxe3 {1-0 (23) Riska,L (2210)-Stanczyk,L (2135) Nachod 2000}) 8. Bd3 {White has an edge.} O-O 9. O-O Nbc6 10. d5 exd5 11. Nxd5 f6 12. Nxe7+ Qxe7 13. Re1 Be6 14. Bf4 Rad8 15. Qa4 Ne5 16. Be2 a6 17. Rad1 Bd7 18. Qb3 Bc6 19. Nd4 Qf7 20. Bxe5 $2 (20. Nxc6 $16 {keeps the pressure on.} bxc6 21. Qa4) 20... fxe5 $17 {[%mdl 64] Discovered Attack} 21. Nxc6 Qxf2+ ({Much worse is} 21... bxc6 $6 22. Bf3 $11) 22. Kh1 bxc6 23. Bf3 Qc5 (23... Rb8 $17 24. Qd3 Rxb2 25. Bxc6 Kh8) 24. a4 Rb8 25. Qc2 {[#]} (25. Qd3 $15) 25... e4 $2 (25... d5 $1 $19 {[%mdl 512] aiming for ...e4.} 26. Bg4 (26. cxd5 Qxc2) 26... e4) 26. Bxe4 Rxb2 27. Qd3 Be5 {[#]} 28. Qh3 $2 (28. Bxg6 $1 $11 {[%mdl 512]} Rxg2 (28... hxg6 29. Qxg6+) 29. Rxe5 (29. Bxh7+ Kh8 $11) 29... Rxh2+ 30. Kxh2 Qf2+ 31. Kh1 Qh4+ 32. Kg1 dxe5 33. Be4 Qf2+ 34. Kh1 Qh4+ 35. Kg1 Qf2+ 36. Kh1 Qh4+ 37. Kg1) 28... Kg7 (28... Qxc4 $19 {Strongly threatening ...Rbf2.} 29. a5 Rbf2) 29. Qd7+ $2 (29. Bd3 $17) 29... Rf7 $1 $19 {[%cal Rf7d7]} 30. Qh3 Rbf2 (30... Qxc4 $19 31. a5 Rbf2) 31. Bf3 $2 {[%mdl 8192] [#]} (31. Qd3 $17) 31... Qa3 (31... R7xf3 $142 $1 {[%mdl 512]} 32. gxf3 Rxh2+ 33. Qxh2 Bxh2 34. Kxh2 Qf2+ {[%mdl 64] Double Attack} 35. Kh3 Qxf3+ 36. Kh2 Qf4+ 37. Kh3 h5 38. Re7+ Kh6) 32. Rf1 (32. Bxc6 $142 Qxh3 33. gxh3) 32... Qb2 {Threatens to win with ...R7xf3!} 33. Rb1 $2 {[#]} (33. Rxf2 Qxf2 34. a5) 33... Rxf1+ $2 (33... R7xf3 $1 $19 {[%mdl 512]} 34. g3 (34. gxf3 Rxh2+) 34... Rxf1+ 35. Rxf1 Rxf1+ 36. Qxf1 Qc2) 34. Rxf1 $17 Qd4 $40 {[%mdl 128] Black attacks with force.} 35. Qe6 {[#]} (35. Be2 $17) 35... Qxc4 $4 {[%mdl 8192]} (35... Qh4 $1 $19 36. g3 Bxg3) 36. Qh3 $4 {[%mdl 8192]} (36. Qxc4 $18 h5 37. Qxc6) 36... Qf4 $2 (36... Qxf1# {mates}) 37. g3 Qe3 $2 (37... Qxa4 $19 {...a5 is the strong threat.} 38. Bg2 Rxf1+ 39. Bxf1 Qe4+ 40. Qg2 Qb1) 38. Qg2 (38. Bxc6 $15 Rxf1+ 39. Qxf1) 38... d5 $19 39. Rd1 $2 (39. Qe2 Bd4 40. a5) 39... Qxf3 (39... Rxf3 $142 40. Rf1 Rxf1+ 41. Qxf1 c5) 40. Rf1 Qxf1+ {Black mates.} 41. Qxf1 Rxf1+ 42. Kg2 Ra1 43. Kh3 Rxa4 44. g4 Ra3+ 45. Kh4 {[#]} Rh3+ $1 46. Kg5 (46. Kxh3 a5) 46... Rxh2 {Black used his chance. Accuracy: White = 31%, Black = 29%.} 1/2-1/2